000 00796cam a2200265 a 4500
001 17270959
005 20180201032700.0
008 120425s2012 njua b 001 0 eng
010 _a 2012017112
020 _a9780769849003 (hbk.)
020 _a0769849008 (hbk.)
040 _aDLC
_cDLC
_dDLC
041 _aeng
042 _apcc
043 _an-us---
080 _a347.736 FRI
082 0 0 _a347.736 FRI
_223
100 1 _a14
101 _aJUR
245 1 0 _aEvidence law and practice /
_cSteven I. Friedland, Paul Bergman, Andrew E. Taslitz.
504 _aIncludes bibliographical references and index.
906 _a7
_bcbc
_corignew
_d1
_eecip
_f20
_gy-gencatlg
942 _2ddc
_cBK
999 _c41444
_d41444